Central Library OPAC University of Rajshahi

Damped Forced Vibration of Some Quasi-Linear Differential Systems / (Record no. 80504)

MARC details
000 -LEADER
fixed length control field 01094nam a2200265 a 4500
001 - CONTROL NUMBER
RUCL Control Number 80504
003 - CONTROL NUMBER IDENTIFIER
rucl marc code BD-RjUL
005 - DATE AND TIME OF LATEST TRANSACTION
control field 20230707185158.0
008 - FIXED-LENGTH DATA ELEMENTS--GENERAL INFORMATION
fixed length control field 221011s2008 bg a|||| m||| 00| 0 eng d
035 ## - SYSTEM CONTROL NUMBER
system control number (BD-RjUL)80504
040 ## - CATALOGING SOURCE
Original cataloging agency BD-RjUL
Language of cataloging eng
Transcribing agency BD-RjUL
Modifying agency BD-RjUL
041 ## - LANGUAGE CODE
Language code of Book eng
082 ## - DEWEY DECIMAL CLASSIFICATION NUMBER
Classification number 515.354
Author mark and Year DED 2008
DDC Edition number 23
100 ## - MAIN ENTRY--PERSONAL NAME
Personal name Dey, Pinakee
9 (RLIN) 3837
245 01 - TITLE STATEMENT
Title Damped Forced Vibration of Some Quasi-Linear Differential Systems /
Statement of responsibility, etc Pinakee Dey ;
Name of Supervisor/Co-Supervisor Supervisor : M. Abdus Sattar, Co-Supervisor : M. Zulfikar Ali, Co-Supervisor : M. Shamsul Alam
260 ## - PUBLICATION, DISTRIBUTION, ETC. (IMPRINT)
Place of publication, distribution, etc Rajshahi :
Name of publisher, distributor, etc Department of Mathematics Faculty of Science, University of Rajshahi,
Date of publication, distribution, etc 2008
300 ## - PHYSICAL DESCRIPTION
Pagination ix, 136 Leaves :
Other physical details ill, ;
Dimensions 29 cm.
502 ## - DISSERTATION NOTE
Dissertation note Thesis (Ph. D.) -- Department of Mathematics Faculty of Science, University of Rajshahi, 2008
504 ## - BIBLIOGRAPHY, ETC. NOTE
Bibliography, etc References : Leaves 115-136
650 ## - SUBJECT ADDED ENTRY--TOPICAL TERM
Topical term or geographic name as entry element Linear Differential
Form subdivision Forced
General subdivision Vibration
9 (RLIN) 5163
700 ## - ADDED ENTRY--SUPERVISOR/CO-SUPERVISOR NAME
Personal name Alam, M. Shamsul, Supervisor
9 (RLIN) 5164
Personal name Ali, M. Zulfikar, Co-Supervisor
9 (RLIN) 5165
Personal name Alam, M. Shamsul, Co-Supervisor
9 (RLIN) 4873
942 ## - ADDED ENTRY ELEMENTS (KOHA)
Source of classification or shelving scheme Dewey Decimal Classification
Koha item type Theses
Holdings
Source of classification or shelving scheme Damaged status Not for loan Collection code Permanent Location Current Location Shelving location Date of accession Source of acquisition Total Checkouts Full call number Barcode Date last seen Copy number Thesis
Dewey Decimal Classification   Not For Loan Theses Central Library, University of Rajshahi Central Library, University of Rajshahi Documentation Section 03/06/2010 Controller of Exam. R.U   THE 515.354 DED 2008 D3045 11/10/2022 C-1 Theses